Praktikum makroekonomie

Uložené v:
Podrobná bibliografia
Hlavný autor: Hedija, Veronika
Ďalší autori: Musil, Petr
Médium: Kniha
Jazyk:Czech
Vydavateľské údaje: Plzeň Vydavatelství a nakladatelství Aleš Čeněk 2009
Predmet:
Tagy: Pridať tag
Žiadne tagy, Buďte prvý, kto otaguje tento záznam!

MARC

LEADER 00000nam$a2200000$$$4500
001 0109074
005 20240226134249.3
020 |a 978-80-7380-158-8 
041 0 |a cze 
044 |a CZ 
245 1 0 |a Praktikum makroekonomie  |c Veronika Hedija, Petr Musil 
264 1 |a Plzeň  |b Vydavatelství a nakladatelství Aleš Čeněk  |c 2009 
300 |a 303 s. 
610 2 0 |a makroekonomika 
610 2 0 |a teórie ekonomické 
610 2 0 |a modely 
610 2 0 |a výkonnosť ekonomiky 
610 2 0 |a politika fiškálna 
610 2 0 |a politika peňažná 
610 2 0 |a kurz menový 
610 2 0 |a rovnováha hospodárska 
610 2 0 |a rast hospodársky 
100 1 |a Hedija, Veronika 
700 1 |a Musil, Petr